000 00691nam a2200241 a 4500
001 BRL_306
005 20190320210659.0
008 230713s1937----gw-#######---#000-0#ger-#
041 _ager
044 _agw
050 4 _aTX716
_b.M37 1937
245 1 0 _aMarsanos Neues ol Kochbuch
_cHerausgegeben von Thomastik und Schandl wien.
260 _a[Alemania]
_bDruck and Verlag
_c1937
300 _a226 p.
_bil.
_c20 cm.
500 _aEstado fĂ­sico: ejemplar con hojas desprendidas, sin lomo, falta contraportada
500 _aAu2341
650 1 4 _aCocina
_95735
650 1 4 _aRecetario
_915363
700 1 _aThomastik
_923502
700 1 _aSchandl
_923503
902 _aGRL
942 _2lcc
_cB
999 _c9119
_d9119